Państwa w UE z największą liczbą kotów - Statystyki

Ogólne statystyki
  • Ten quiz został rozwiązany 33 razy
  • Średni wynik to 9 z 10
Statystyki odpowiedzi
Miejsce Liczba kotów (mln) Państwo % Poprawnych
2 13,5-14,9 Francja
100%
5 6,4-7,5 Polska
100%
7 3,15-6 Hiszpania
97%
1 14,5-15,7 Niemcy
97%
4 7,3-10,2 Włochy
94%
8 2,64 Niderlandy
90%
9 2,05 Belgia
87%
6 ok.4,3 Rumunia
87%
3 7,5-11,4 Wielka Brytania
81%
10 2,03 Austria
77%
Nie znaleziono quizów pasujących do podanych kryteriów
Rozkład punktacji
Procent ludzi z każdym wynikiem
Percentyl według liczby udzielonych odpowiedzi
Twoja historia wyników
Nie rozwiązałeś tego quizu